| 000 | 00336nam a22001337a 4500 | ||
|---|---|---|---|
| 008 | 170613b xxu||||| |||| 00| 0 eng d | ||
| 020 | _a0870841262 | ||
| 041 | _aeng | ||
| 080 | _a32 | ||
| 100 | _a19 | ||
| 101 | _aSHP | ||
| 245 |
_aTHE 1967 PRESIDENT'S CRIME COMMISION REPORT: ITS IMPACT 25 YEARS LATER _cCONLEY,J,A |
||
| 942 |
_2udc _cBK |
||
| 999 |
_c17200 _d17200 |
||